=LDR 00000nam 2200000 4500 =001 INLIS000000000004563 =005 20250730013638 =035 ##$$a 0010-0725000374 =007 ta =008 250730###########################0#ind## =020 ##$$a - =082 ##$$a 304.66 =084 ##$$a 304.66 END s =100 #$$a Endah Winarni =245 1#$$a SURVEI DEMOGRAFI DAN KESEHATAN I NDONESIA 1997 ; Propinsi Jambi : $b - /$c Endah Winarni, Suryo Yudo Utomo (Penulis) =250 ##$$a Cetakan Pertama =260 ##$$a Jakarta :$b Badan Kependudukan dan Keluarga Berencana Nasional,$c 1999 =300 ##$$a 59 hlm : $b ilus ; $c 23 cm$e - =650 #4$$a Keluarga Berencana =700 #$$a Suryo Yudo Utomo =520 ##$$a - =856 ##$$a Perpustakaan BKKBN Pusat